Філософські твори у чотирьох томах (Запис № 421907)

МАРК-запис
000 -Лідер
fixed length control field 01191nam a22002897a 4500
001 - Контрольний номер
control field 133251
003 - Ідентифікатор контрольного номера
control field UA-OsUOA
005 - Дата та час останнього входження (трансакції)
control field 20260629152341.0
007 - Фіксоване поле фізичного опису
fixed length control field ta
008 - Елементи даних фіксованої довжини – загальна інформація
fixed length control field 20181011b un ||||| |||| 00| 0 ukr d
020 ## - Міжнародний стандартний книжковий номер (ISBN)
Міжнародний стандартний книжковий номер (ISBN) (НП) 966849900Х
040 ## - Джерело каталогізації
Агенція оригінальної каталогізації UA-OsUOA
Мова каталогізації ukr
Агенція, яка здійснювала перезапис UA-OsUOA
Агенція, яка здійснювала модифікацію UA-OsUOA
041 ## - Код мови
Код мови тексту/ звукової доріжки чи окремого заголовка (П) ukr
080 ## - Індекс Універсальної десяткової класифікації
Індекс Універсальної десяткової класифікації (УДК) (НП) 141
090 ## - Локальний шифр розміщення
Класифікаційний індекс УДК 141
Авторський знак (НП) Ч-59
100 ## - Основне введення – ім’я особи
Ім’я особи (НП) Чижевський Д.
9 (RLIN) 22973
110 ## - Наймення організації – загальна інформація
Найменування колективу або юрисдикції як початковий елемент введення Інститут філософії ім. Г. Сковороди Національної академії України
9 (RLIN) 25551
245 ## - Відомості про назву
Назва (НП) Філософські твори у чотирьох томах
Дані про відповідальність (НП) під заг. ред. Василя Лісового
260 ## - Публікація, розповсюдження і т.п. (Вихідні дані)
Місце публікації, розповсюдження і т.п. (П) К.
Ім’я/ наймення видавництва, розповсюджувача і т.п. (П) Смолоскип
Дата публікації, розповсюдження і т.п. (П) 2005
300 ## - Фізичний опис
Обсяг 402 с.
505 ## - Форматована примітка про зміст
Змішана інформація Т. 1
Назва Нариси з історії філософії на Україні. Філософія Григорія С. Сковороди
650 #7 - Додаткове предметне введення – тематичний термін
Тематичний термін чи географічна назва, як елемент введення (НП) 141 Різновиди систем, концепцій, поглядів, вчень, напрямів
Джерело заголовка чи терміна UDC
9 (RLIN) 1599
700 1# - Додаткове введення – ім'я особи
Ім’я особи (НП) Лісовий В. С.
Термін відношення ред.
9 (RLIN) 25552
942 ## - Додаткові елементи входу (Коха)
Тип елемента Koha Книги
Source of classification or shelving scheme Universal Decimal Classification
955 ## - Код типу видання за змістом
Код типу видання за змістом (НП) Наукові видання
Фонди
Стан вилучень Стан втрат Джерело класифікації або схеми стелажів Стан уражень Не для кредиту Код колекції Постійне місце розташування Поточне розміщення Дата придбання Джерело придбання Вартість, звичайна ціна покупки Послідовне перерахування / хронологія Інвентарний номер Усього замовленно Повний номер виклику Штрих-код Дата останнього перегляду Дата останньої перевірки Ціна ефективна від Тип елемента Koha Вартість, ціна заміни
    Universal Decimal Classification     Колекція Шевчука Валерія АБ - Абонемент НБ АБ - Абонемент НБ 17/06/2026 №29/08.06.2026 35.00       141 Ч-59 170114 17/06/2026   17/06/2026 Книги 35.00
    Universal Decimal Classification       Наукова бібліотека ІДУД Наукова бібліотека ІДУД 02/09/2014 311/2014 1.00   2136993   1 Ч-59 2136993 14/09/2019   02/09/2014 Книги  
    Universal Decimal Classification       Наукова бібліотека ІДУД Наукова бібліотека ІДУД 02/10/2006 16/2006 1.00   2125706   14(477) Ч-59 2125706 15/09/2019   02/10/2006 Книги  
    Universal Decimal Classification     Колекція Закидальського Т. ЧЗ - Читальна зала ЧЗ - Читальна зала 11/10/2018 44/2018 35.00 Т. 1 159956 1 141 Ч-59 159956 06/02/2022 02/11/2020 11/10/2018 Книги